- Echeverría, Bolívar
Entrada Nombre Personal
Número de registros utilizados en: 6
001 - NUMERO DE CONTROL
- campo de control: 38252
003 - IDENTIFICADOR DE NUMERO DE CONTROL
- campo de control: DLC
005 - FECHA Y HORA DE LA ÜLTIMA TRANSACCIÓN
- campo de control: 20230209122128.0
008 - DATOS DE LONGITUD FIJA
- campo de control de longitud fija: 950313n| azannaabn |a aaa
010 ## - NÚMERO DE CONTROL DE LA BIBLIOTECA DEL CONGRESO
- Número de control LC: n 95024367
035 ## - NUMERO DE CONTROL
- Número de control: (OCoLC)oca03792114
040 ## - FUENTE DE CATALOGACIÓN
- Agencia original de catalogación: DLC
- Lenguaje de catalogación: spa
- Description conventions: rda
- Agencia de transcripción: DLC
- Agencia que lo modifica: NcD
- Agencia que lo modifica: DLC
- Agencia que lo modifica: CSt
- Agencia que lo modifica: IEN
- Agencia que lo modifica: DLC
- Agencia que lo modifica: OCoLC
- Agencia que lo modifica: ScU
- Agencia que lo modifica: MX-MxUPN
046 ## - FECHAS CON CODIFICACIÓN ESPECIAL
- Fecha de nacimiento: 1941-01-31
- Fecha de muerte: 2010-06-05
- Fuente del formato de fecha: edtf
100 1# - ENCABEZAMIENTO - NOMBRE PERSONAL
- Nombre personal: Echeverría, Bolívar
370 ## - LUGAR ASOCIADO
- Place of birth: Riobamba (Ecuador)
- Place of death: Distrito Federal (México)
- Other associated place: Berlín (Alemania)
372 ## - CAMPO DE ACTIVIDAD
- Field of activity: Filosofía
- Field of activity: Economía -- Filosofía
- Field of activity: Economía marxista
373 ## - GRUPO ASOCIADO
- Associated group: Universidad Nacional Autónoma de México, Facultad de Filosofía y Letras
- Associated group: Freie Universität Berlin
- Fuente del término: naf
374 ## - OCUPACIÓN
- Occupation: Profesor universitario
- Occupation: Filósofo
377 ## - LENGUA ASOCIADA
- Language code: spa
378 ## - FORMA COMPLETA DE NOMBRE PERSONAL
- Fuller form of personal name: Bolívar Vinicio Echeverría Andrade
400 1# - VEÁSE - NOMBRE DE PERSONA
- Personal name: Echeverría Andrade, Bolívar
670 ## - FUENTE EN LA QUE SE LOCALIZARON DATOS
- Cita de la fuente: Estructura esencial, 1995:
- Información localizada: portada (Bolívar Echeverría)
670 ## - FUENTE EN LA QUE SE LOCALIZARON DATOS
- Cita de la fuente: La dimensión cultural de la vida social, 2002:
- Información localizada: portada (Bolívar Echeverría) contracubierta (nació en 1941 en Quito)
670 ## - FUENTE EN LA QUE SE LOCALIZARON DATOS
- Cita de la fuente: Marxismo crítico en México : Adolfo Sánchez Vázquez y Bolívar Echeverría, 2007:
- Información localizada: página 85 (Bolívar Echeverría Andrade; nació en enero 31, 1941, en Riobamba)
670 ## - FUENTE EN LA QUE SE LOCALIZARON DATOS
- Cita de la fuente: Siete aproximaciones a Walter Benjamin, 2010:
- Información localizada: portada (Bolívar Echeverría) página 7 (t.p. Bolívar Vinicio Echeverría Andrade; falleció el 5 de junio del 2010)
670 ## - FUENTE EN LA QUE SE LOCALIZARON DATOS
- Cita de la fuente: Bolívar Echeverría, 2012:
- Información localizada: p. 7 (murió en la Ciudad de México)
670 ## - FUENTE EN LA QUE SE LOCALIZARON DATOS
- Cita de la fuente: Wikipedia, versión en español, Feb. 9, 2017
- Información localizada: (Bolívar Echeverría; Bolívar Vinicio Echeverría Andrade; filósofo originario de Ecuador, nacionalizado mexicano; fue profesor emérito de la Facultad de Filosofía y Letras, Universidad Nacional Autónoma de México (UNAM); estudió filosofía en Freie Universität Berlin y la UNAM, donde también estudió economía; participó en el movimiento estudiantil alemán en los sesenta; se especializó en el existencialismo de Sartre y Heidegger, economía marxista, y en el desarrollo de la teoría crítica de la Escuela de Frankfurt)
902 ## - CATALOGADOR
- Catalogador: Víctor Ruiz/090223